| 000 | 00698nam a22002057a 4500 | ||
|---|---|---|---|
| 005 | 20100802162314.0 | ||
| 010 | _aENG-97800 | ||
| 020 |
_a9789380173733 _c125.00 |
||
| 035 | _aEN-81333 | ||
| 037 | _bDBAD/PUB | ||
| 082 | _a519.5 | ||
| 100 |
_aNagaraja, S. _94555 |
||
| 245 |
_aMathematical Statistics/ _cby S. Nagaraja |
||
| 260 |
_aKoradacheri _bAruma Publishers _c2009 |
||
| 270 |
_a35, Gandhi Colony _bKoradacheri _e613703 |
||
| 300 |
_a109p. _c20cm (pbk) |
||
| 650 |
_aMathematic Statistics _94556 |
||
| 942 |
_2ddc _cEN _h519.5 _mNAG |
||
| 999 |
_c38788 _d38788 |
||